[Event "RUS-ch KO"]
[Site "Moscow"]
[Date "1999.12.16"]
[Round "1.4"]
[White "Kalygin, Sergey V"]
[Black "Bezgodov, Alexei"]
[Result "0-1"]
[WhiteElo "2511"]
[BlackElo "2576"]
[PlyCount "68"]
[EventDate "1999.12.04"]
[Source "ChessBase"]
[SourceDate "2000.04.05"]

1. e4 e5 2. Nc3 Nf6 3. Bc4 Nxe4 4. Qh5 Nd6 5. Bb3 Be7 6. Qxe5 O-O 7. Nge2 Nc6 8. Qh5 g6 9. Qf3 Nf5 10. Nd5 d6 11. Qc3 Be6 12. d4 Bxd5 13. Bxd5 Ncxd4 14. Nxd4 Bf6 15. O-O Nxd4 16. Qd2 c6 17. Bc4 d5 18. Bd3 Re8 19. c3 Ne6 20. f4 Nc5 21. f5 Bg5 22. Qc2 Bxc1 23. fxg6 Be3+ 24. Kh1 fxg6 25. Bxg6 Re7 26. Rae1 Qd6 27. Bf7+ Kh8 28. b4 Nd7 29. Qd3 Bh6 30. Qh3 Rf8 31. Bh5 Rxe1 32. Rxe1 Qe5 33. Rg1 Nf6 34. Bf3 Bg7 0-1

[Event "Stadtcasino op 3rd"]
[Site "Baden"]
[Date "1998.??.??"]
[Round "4"]
[White "Rogers, Ian"]
[Black "Raetsky, Alexander"]
[Result "1-0"]
[WhiteElo "2570"]
[BlackElo "2440"]
[PlyCount "105"]
[EventDate "1998.04.10"]
[Source "ChessBase"]
[SourceDate "1998.07.07"]

1. e4 e5 2. Nc3 Nf6 3. Bc4 Nxe4 4. Qh5 Nd6 5. Bb3 Be7 6. Nf3 Nc6 7. Nxe5 g6 8. Qe2 Nd4 9. Qd3 Nxb3 10. axb3 Nf5 11. O-O d6 12. Nf3 c6 13. b4 O-O 14. b5 d5 15. b3 d4 16. Ne4 c5 17. Re1 Be6 18. c4 h6 19. Qb1 Qb6 20. d3 a6 21. bxa6 Rxa6 22. Rxa6 Qxa6 23. h3 g5 24. b4 cxb4 25. g4 Ng7 26. Nxd4 f5 27. Ng3 fxg4 28. Nxe6 Nxe6 29. d4 Bf6 30. Qg6+ Ng7 31. Be3 Bd8 32. Qxa6 bxa6 33. hxg4 a5 34. Rb1 Be7 35. c5 Ne6 36. Nf5 Bf6 37. d5 Nf4 38. d6 Ne2+ 39. Kg2 Nc3 40. Rb3 Nd5 41. c6 a4 42. Rd3 b3 43. Rxd5 b2 44. Rb5 a3 45. c7 a2 46. Rb8 b1=Q 47. Rxf8+ Kxf8 48. c8=Q+ Kf7 49. Qc4+ Kf8 50. d7 Qxf5 51. gxf5 a1=Q 52. Bc5+ Kg7 53. d8=Q 1-0

[Event "NED-ch op"]
[Site "Dieren"]
[Date "2004.08.04"]
[Round "8"]
[White "Wustefeld, Emile"]
[Black "Pedersen, Nicolai Vesterbaek"]
[Result "1/2-1/2"]
[WhiteElo "2335"]
[BlackElo "2471"]
[PlyCount "75"]
[EventDate "2004.07.27"]
[Source "Roberto Alvarez"]
[SourceDate "2004.08.17"]

1. e4 e5 2. Nc3 Nf6 3. Bc4 Nxe4 4. Qh5 Nd6 5. Bb3 Be7 6. Qxe5 O-O 7. Nf3 Nc6 8. Qf4 b5 9. O-O Na5 10. d3 Nxb3 11. axb3 Bb7 12. Be3 a6 13. Rfe1 Re8 14. Bc5 Nc8 15. Bxe7 Nxe7 16. Nd4 d6 17. Nf5 Qd7 18. Rxe7 Rxe7 19. Nxe7+ Qxe7 20. Qe3 Qxe3 21. fxe3 f5 22. Rf1 Rf8 23. Ne2 g6 24. b4 c5 25. bxc5 dxc5 26. Ra1 Rc8 27. Kf2 Kf7 28. g3 Ke6 29. Ke1 Kd6 30. Kd2 Kc7 31. c3 Kb6 32. b4 Bd5 33. Nf4 Bb3 34. Rb1 Ba2 35. Ra1 Bb3 36. Rb1 Ba2 37. Ra1 Bb3 38. Rb1 1/2-1/2

[Event "SUI Ch"]
[Site "Switzerland"]
[Date "1995.??.??"]
[Round "1"]
[White "Ekstroem, Roland"]
[Black "Giertz, Niklaus"]
[Result "1/2-1/2"]
[WhiteElo "2430"]
[BlackElo "2365"]
[PlyCount "81"]
[EventDate "1995.??.??"]
[Source "www.chesslib.no"]
[SourceDate "2004.05.04"]

1. e4 e5 2. Nc3 Nf6 3. Bc4 Nxe4 4. Qh5 Nd6 5. Bb3 Be7 6. Nf3 Nc6 7. Nxe5 g6 8. Nxc6 dxc6 9. Qd1 Nf5 10. O-O Nd4 11. d3 h5 12. Re1 Bg4 13. f3 Be6 14. Bxe6 Nxe6 15. Ne4 f5 16. Ng5 Bxg5 17. Rxe6+ Kf7 18. Bxg5 Qxg5 19. Qe2 Rae8 20. Re1 Qd8 21. Qe5 Rhf8 22. g4 Rxe6 23. Qxe6+ Kg7 24. Qe7+ Qxe7 25. Rxe7+ Rf7 26. Rxf7+ Kxf7 27. gxh5 gxh5 28. Kf2 f4 29. d4 Kf6 30. h4 c5 31. dxc5 Ke5 32. Ke2 Kd4 33. c6 bxc6 34. c3+ Kc4 35. Kd2 c5 36. Kc2 a5 37. Kd2 Kd5 38. b3 c4 39. b4 a4 40. Kc2 a3 41. Kd1 1/2-1/2

[Event "Bielsko Biala Open"]
[Site "Bielsko Biala"]
[Date "1990.??.??"]
[Round "2"]
[White "Gdanski, Jacek"]
[Black "Zielinski, Marek"]
[Result "1/2-1/2"]
[WhiteElo "2430"]
[BlackElo "2355"]
[PlyCount "124"]
[EventDate "1990.??.??"]
[Source "www.chesslib.no"]
[SourceDate "2004.05.04"]

1. e4 e5 2. Nc3 Nf6 3. Bc4 Nxe4 4. Qh5 Nd6 5. Bb3 Be7 6. Nf3 Nc6 7. Nxe5 Nxe5 8. Qxe5 O-O 9. O-O Bf6 10. Qf4 Re8 11. d4 b6 12. Nd5 Ba6 13. Rd1 Re6 14. Be3 Bb7 15. c4 Bxd5 16. cxd5 Re4 17. Qf3 g6 18. Bc2 Re8 19. Bd3 Bg5 20. Rac1 Bxe3 21. fxe3 f5 22. Rc2 b5 23. Qf4 Rc8 24. a4 a6 25. axb5 axb5 26. Rc5 Rb8 27. b4 Rb7 28. Rf1 Qe7 29. Rf3 Ra7 30. h3 Ra3 31. Bxb5 g5 32. Qe5 Qd8 33. Qh2 Raxe3 34. Rxe3 Rxe3 35. Bf1 f4 36. h4 Ne4 37. hxg5 Ng3 38. Rc2 Re1 39. Rf2 Qxg5 40. Qh3 Qxd5 41. Qg4+ Kh8 42. Rxf4 Ne2+ 43. Qxe2 Rxe2 44. Bxe2 Qg5 45. Rg4 Qe7 46. Kf2 Qf8+ 47. Bf3 Qxb4 48. d5 Qb2+ 49. Kg1 Qd2 50. Kh2 Qc3 51. Kg3 c5 52. dxc6 dxc6 53. Kf2 c5 54. Be2 Qf6+ 55. Ke1 h6 56. g3 Qf5 57. Rf4 Qb1+ 58. Kf2 Kg7 59. Bf1 Qb6 60. Bc4 Qb2+ 61. Be2 Kg6 62. Kf3 Qc3+ 1/2-1/2

[Event "Kecskemet2"]
[Site "?"]
[Date "1991.??.??"]
[Round "9"]
[White "Dancevski Orce"]
[Black "Levin Felix"]
[Result "0-1"]
[WhiteElo "2335"]
[BlackElo "2440"]
[PlyCount "139"]
[EventDate "1991.??.??"]
[Source "www.chesslib.no"]
[SourceDate "2004.05.04"]

1. e4 e5 2. Nc3 Nf6 3. Bc4 Nxe4 4. Qh5 Nd6 5. Bb3 Be7 6. Nf3 Nc6 7. Nxe5 g6 8. Qe2 Nd4 9. Qd1 Bf6 10. Nf3 Qe7+ 11. Kf1 c6 12. Nxd4 Bxd4 13. Qe2 Be5 14. Nd1 a5 15. c3 b6 16. Bc2 Ba6 17. d3 O-O 18. f4 Bf6 19. Qxe7 Bxe7 20. Kf2 Rfe8 21. Ne3 Nb7 22. Rd1 d5 23. Ng4 f6 24. Kf3 Kg7 25. Bd2 Bc5 26. Re1 h5 27. Nf2 Bxf2 28. Kxf2 Nc5 29. d4 Nd3+ 30. Bxd3 Bxd3 31. Rxe8 Rxe8 32. Re1 Be4 33. h3 h4 34. g3 hxg3+ 35. Kxg3 Kf7 36. h4 Rc8 37. Be3 c5 38. Bg1 c4 39. Be3 Ke6 40. Bd2 Kf5 41. Be3 Ke6 42. Bd2 Kd7 43. Kg4 Kc6 44. Kg3 Kb5 45. Kf2 Ka4 46. Kg3 b5 47. Kg4 b4 48. Kg3 Kb5 49. Rc1 Ra8 50. b3 f5 51. Kf2 Ra6 52. Be3 Bd3 53. Ke1 a4 54. bxc4+ Bxc4 55. cxb4 Bxa2 56. Rc5+ Kxb4 57. Bd2+ Ka3 58. Bc1+ Kb3 59. Kd2 a3 60. Rxd5 Kb4 61. Rd8 Bc4 62. d5 a2 63. Bb2 a1=Q 64. Bxa1 Rxa1 65. d6 Ra3 66. Kc2 Rc3+ 67. Kb2 Rd3 68. d7 Bb5 69. Rg8 Rxd7 70. Rxg6 0-1

[Event "GM"]
[Site "Cullera"]
[Date "2003.07.25"]
[Round "11.3"]
[White "Llobel Cortell, Enrique"]
[Black "Garcia Fernandez, Carlos"]
[Result "1-0"]
[WhiteElo "2389"]
[BlackElo "2381"]
[PlyCount "91"]
[EventDate "2003.07.16"]
[Source "Roberto Alvarez"]
[SourceDate "2003.08.04"]

1. e4 e5 2. Nc3 Nf6 3. Bc4 Nxe4 4. Qh5 Nd6 5. Bb3 Be7 6. Nf3 Nc6 7. Nxe5 O-O 8. O-O Nd4 9. Nd5 Nxb3 10. axb3 Ne8 11. Re1 Nf6 12. Nxe7+ Qxe7 13. Qd1 Qd8 14. h3 d6 15. Nf3 Bd7 16. d3 h6 17. Bd2 a6 18. Nd4 c5 19. Ne2 Bc6 20. Ng3 Qd7 21. Ne4 Nxe4 22. dxe4 Rae8 23. Bf4 Re6 24. f3 Rfe8 25. Qd2 Qe7 26. Bg3 Rg6 27. Kh2 h5 28. Rad1 Rd8 29. Qf4 Re6 30. Qh4 Qxh4 31. Bxh4 Rd7 32. Rd2 f6 33. Red1 Kf7 34. Kg1 b5 35. Bf2 Ke7 36. Ra1 Bb7 37. c3 g5 38. Rad1 h4 39. Bxc5 Bc6 40. Bb4 Bb7 41. Kf2 Bc6 42. Rd4 Bb7 43. R1d3 Ba8 44. Rd2 Bb7 45. c4 Bc6 46. R2d3 1-0

[Event "Komercni Banka op"]
[Site "Pardubice"]
[Date "1999.07.24"]
[Round "9"]
[White "Buchnicek, Petr"]
[Black "Berezjuk, Sergej"]
[Result "1-0"]
[WhiteElo "2413"]
[BlackElo "2354"]
[PlyCount "67"]
[EventDate "1999.07.11"]
[Source "www.chesslib.no"]
[SourceDate "2004.05.04"]

1. e4 e5 2. Nc3 Nf6 3. Bc4 Nxe4 4. Qh5 Nd6 5. Bb3 Be7 6. Nf3 Nc6 7. Nxe5 g6 8. Qe2 O-O 9. O-O Nd4 10. Qd1 Bf6 11. Nf3 N6f5 12. d3 Nxf3+ 13. Qxf3 Nd4 14. Qd1 Nxb3 15. axb3 d5 16. Qf3 c6 17. Bh6 Re8 18. Rfe1 Rxe1+ 19. Rxe1 Be6 20. h3 a5 21. Qf4 b5 22. Ne2 a4 23. Nd4 Bd7 24. b4 a3 25. bxa3 Rxa3 26. Nb3 Bg7 27. Bxg7 Kxg7 28. Qd6 Ra8 29. Re7 Be8 30. Qe5+ Kg8 31. Nc5 Qb8 32. Qf6 d4 33. g3 Ra7 34. Ne6 1-0

[Event "SVK-ch"]
[Site "Presov"]
[Date "1997.??.??"]
[Round "9"]
[White "Cherevatenko, Roman"]
[Black "Balogh, Tomas"]
[Result "1/2-1/2"]
[WhiteElo "2395"]
[BlackElo "2345"]
[PlyCount "82"]
[EventDate "1997.??.??"]
[Source "www.chesslib.no"]
[SourceDate "2004.05.04"]

1. e4 e5 2. Nc3 Nf6 3. Bc4 Nxe4 4. Qh5 Nd6 5. Bb3 Be7 6. Qxe5 O-O 7. d4 c6 8. Nf3 Ne8 9. d5 d6 10. Qe2 Nd7 11. O-O Nc5 12. Re1 Bf6 13. Ne4 Nxb3 14. axb3 Nc7 15. dxc6 bxc6 16. Nxf6+ Qxf6 17. Qe7 Nd5 18. Qxf6 Nxf6 19. Bf4 d5 20. Bd6 Re8 21. Rxe8+ Nxe8 22. Bc5 a6 23. Re1 Bf5 24. Nd4 Bd7 25. f3 g5 26. Kf2 Kg7 27. b4 a5 28. Ra1 a4 29. Nb3 Bf5 30. c3 Bd3 31. Nd4 Ra6 32. Rd1 Bc4 33. Re1 Nf6 34. Nc2 Bb3 35. Na3 Ra8 36. Bd4 Kg6 37. Re7 Rc8 38. Ra7 Re8 39. Ra6 Re6 40. Bxf6 Kxf6 41. Kg3 Kf5 1/2-1/2

[Event "BL2-Sued 9900"]
[Site "Germany"]
[Date "1999.12.12"]
[Round "3.4"]
[White "Huber, Armin"]
[Black "Toth, Bela"]
[Result "1/2-1/2"]
[WhiteElo "2343"]
[BlackElo "2395"]
[PlyCount "87"]
[EventDate "1999.10.??"]
[Source "ChessBase"]
[SourceDate "2000.03.10"]

1. e4 e5 2. Nc3 Nf6 3. Bc4 Nxe4 4. Qh5 Nd6 5. Bb3 Be7 6. Nf3 Nc6 7. Nxe5 g6 8. Nxc6 dxc6 9. Qd1 O-O 10. O-O Nf5 11. Re1 Nd4 12. Bc4 Be6 13. Bxe6 Nxe6 14. d3 Qd7 15. Be3 Rfe8 16. Ne2 Bf6 17. d4 Ng7 18. Ng3 Re6 19. c3 Rae8 20. Qd2 Qe7 21. Kf1 h5 22. Bf4 h4 23. Ne2 g5 24. Be3 Nf5 25. Ng1 Nxe3+ 26. fxe3 Rxe3 27. Nf3 Kg7 28. Kf2 Re6 29. Rxe6 Qxe6 30. Re1 Qd7 31. Rxe8 Qxe8 32. Nxg5 c5 33. dxc5 Qe5 34. Nf3 Qxc5+ 35. Qe3 Qf5 36. Qe2 c6 37. a4 a6 38. Qd2 b5 39. axb5 axb5 40. Qe2 Qf4 41. Qe3 Qf5 42. Qe2 Qf4 43. Qe3 Qf5 44. Qe2 1/2-1/2

[Event "Corr"]
[Site "?"]
[Date "1999.??.??"]
[Round "7"]
[White "Dadi Daniel"]
[Black "Buj Pablo"]
[Result "1-0"]
[WhiteElo "2365"]
[BlackElo "2370"]
[PlyCount "59"]
[EventDate "1999.??.??"]
[Source "www.chesslib.no"]
[SourceDate "2004.05.04"]

1. e4 e5 2. Nc3 Nf6 3. Bc4 Nxe4 4. Qh5 Nd6 5. Bb3 Be7 6. Qxe5 O-O 7. d4 Re8 8. Nge2 b6 9. O-O Nc6 10. Qh5 Ba6 11. Bf4 g6 12. Qf3 Nc4 13. Nd5 d6 14. Rfe1 g5 15. Nxe7+ Qxe7 16. Bxg5 Qxg5 17. Qxc6 Na5 18. Qf3 Qe7 19. Bd5 c6 20. Qg4+ Kh8 21. Bf3 d5 22. b3 Rac8 23. h3 f6 24. Ng3 Qxe1+ 25. Rxe1 Rxe1+ 26. Kh2 Re7 27. c4 Rf8 28. cxd5 cxd5 29. Bxd5 Nb7 30. Qf4 1-0

[Event "ch corr"]
[Site "Denmark ch corr"]
[Date "1979.??.??"]
[Round "?"]
[White "Nielsen, Julius"]
[Black "Gallmayer, Peter"]
[Result "0-1"]
[WhiteElo "2455"]
[BlackElo "2255"]
[PlyCount "74"]
[EventDate "1979.??.??"]
[Source "www.chesslib.no"]
[SourceDate "2004.05.04"]

1. e4 e5 2. Nc3 Nf6 3. Bc4 Nxe4 4. Qh5 Nd6 5. Bb3 Be7 6. Nf3 O-O 7. Nxe5 Bf6 8. O-O g6 9. Qe2 Nc6 10. f4 Nd4 11. Qf2 Nxb3 12. axb3 b6 13. d3 Bb7 14. Bd2 Bg7 15. Rae1 c5 16. Ne4 Nxe4 17. dxe4 Qe7 18. Bc3 f6 19. Nc4 Bxe4 20. Qd2 f5 21. Nd6 Bd4+ 22. Bxd4 Qxd6 23. Bc3 Qxd2 24. Bxd2 Bxc2 25. b4 d5 26. Re7 Be4 27. Rc1 Rfc8 28. bxc5 bxc5 29. Ra1 a5 30. h4 a4 31. Ra3 Rcb8 32. Rc3 c4 33. Be3 Rxb2 34. Bd4 Rxg2+ 35. Kf1 Rg4 36. Rg7+ Kf8 37. Rxh7 Bd3+ 0-1

[Event "BL2-Nord 0304"]
[Site "Germany"]
[Date "2003.??.??"]
[Round "?.3"]
[White "Sievers, Stefan"]
[Black "Kreuzholz, Michael"]
[Result "1-0"]
[WhiteElo "2355"]
[BlackElo "2330"]
[PlyCount "49"]
[EventDate "2003.10.??"]
[Source "Roberto Alvarez"]
[SourceDate "2004.07.26"]

1. e4 e5 2. Nc3 Nf6 3. Bc4 Nxe4 4. Qh5 Nd6 5. Bb3 Be7 6. Nf3 Nc6 7. Nxe5 O-O 8. Nd5 Nxe5 9. Qxe5 Re8 10. O-O Bg5 11. Qg3 Bh4 12. Qf3 c6 13. Qf4 Be7 14. Nxe7+ Qxe7 15. d3 Rf8 16. Bd2 Ne8 17. Rfe1 Qd8 18. Bb4 d6 19. Rxe8 Qxe8 20. Bxd6 Be6 21. Bxf8 Bxb3 22. Bxg7 Bxc2 23. Bc3 Qe6 24. Re1 Qg6 25. Re3 1-0

[Event "RUS-Cup"]
[Site "?"]
[Date "1999.??.??"]
[Round "9"]
[White "Denisov Lev"]
[Black "Skatchkov Pavel"]
[Result "0-1"]
[WhiteElo "2245"]
[BlackElo "2420"]
[PlyCount "62"]
[EventDate "1999.??.??"]
[Source "www.chesslib.no"]
[SourceDate "2004.05.04"]

1. e4 e5 2. Nc3 Nf6 3. Bc4 Nxe4 4. Qh5 Nd6 5. Bb3 Be7 6. d3 Nc6 7. Nf3 g6 8. Qh3 Nf5 9. Nd5 d6 10. c3 h5 11. Nxe7 Qxe7 12. Ng5 Nfd4 13. Qe3 Nxb3 14. axb3 f6 15. Nf3 f5 16. b4 f4 17. Qe2 Bf5 18. b5 Nd8 19. b4 Ne6 20. Bb2 O-O 21. O-O Kh7 22. Nd2 f3 23. Qxf3 Nf4 24. Qxb7 Bxd3 25. Rxa7 Rxa7 26. Qxa7 Bxf1 27. Nxf1 Rf7 28. Qe3 Qe6 29. Ng3 Qd5 30. f3 Qd1+ 31. Nf1 Nh3+ 0-1

[Event "DDR Ch 25th"]
[Site "Groeditz"]
[Date "1976.??.??"]
[Round "10"]
[White "Babrikowski, Peter"]
[Black "Moehring, Guenther"]
[Result "1/2-1/2"]
[WhiteElo "2285"]
[BlackElo "2350"]
[PlyCount "98"]
[EventDate "1976.02.12"]
[Source "www.chesslib.no"]
[SourceDate "2004.05.04"]

1. e4 e5 2. Nc3 Nf6 3. Bc4 Nxe4 4. Qh5 Nd6 5. Bb3 Be7 6. Nf3 Nc6 7. Nxe5 O-O 8. O-O Nxe5 9. Qxe5 Bf6 10. Qf4 Bg5 11. Qf3 Qf6 12. Qxf6 Bxf6 13. Nd5 Bd8 14. Re1 Re8 15. Rxe8+ Nxe8 16. d4 c6 17. Nf4 d5 18. Be3 Bf5 19. Rd1 a5 20. a4 Nd6 21. f3 h6 22. Nd3 Nc4 23. Bc1 Bf6 24. c3 Re8 25. Kf2 Bh4+ 26. g3 Bg5 27. Bxg5 hxg5 28. Bxc4 dxc4 29. Re1 Rxe1 30. Nxe1 Kf8 31. Ke3 Ke7 32. Kd2 Kd6 33. Ng2 Be6 34. Ne3 f6 35. Ke2 Ke7 36. Kd2 Kd7 37. Ke2 Ke8 38. Kd2 Kd8 39. Ke2 Kd7 40. Kd2 Ke7 41. Ke2 Kd6 42. Kd2 f5 43. Ke2 f4 44. Ng2 Bh3 45. Kf2 c5 46. dxc5+ Kxc5 47. gxf4 gxf4 48. Nxf4 Bd7 49. h4 Kd6 1/2-1/2

[Event "It Open"]
[Site "Mainz GER"]
[Date "1995.??.??"]
[Round "4"]
[White "Berendsen, Richard"]
[Black "Bogdanovich, Grigory"]
[Result "1/2-1/2"]
[WhiteElo "2215"]
[BlackElo "2405"]
[PlyCount "28"]
[EventDate "1995.??.??"]
[Source "www.chesslib.no"]
[SourceDate "2004.05.04"]

1. e4 e5 2. Nc3 Nf6 3. Bc4 Nxe4 4. Qh5 Nd6 5. Bb3 Be7 6. Nf3 Nc6 7. Nxe5 Nxe5 8. Qxe5 O-O 9. O-O Ne8 10. Re1 Bf6 11. Bxf7+ Kxf7 12. Qd5+ Kg6 13. Qe4+ Kf7 14. Qd5+ Kg6 1/2-1/2

[Event "CZE-chT2 9899"]
[Site "CZE"]
[Date "1999.??.??"]
[Round "?"]
[White "Houser, Pavel"]
[Black "Rybak, Milan"]
[Result "1-0"]
[WhiteElo "2340"]
[BlackElo "2280"]
[PlyCount "37"]
[EventDate "1998.??.??"]
[Source "www.chesslib.no"]
[SourceDate "2004.05.04"]

1. e4 e5 2. Nc3 Nf6 3. Bc4 Nxe4 4. Qh5 Nd6 5. Bb3 Be7 6. Nf3 Nc6 7. Nxe5 g6 8. Nxc6 gxh5 9. Nxd8 Bxd8 10. O-O O-O 11. d3 Nf5 12. Ne4 Nd4 13. Bh6 Re8 14. Rae1 Ne6 15. f4 f5 16. Ng3 Kf7 17. Bg5 Kg6 18. h4 d6 19. Bxd8 1-0

[Event "Camp. cinese fem."]
[Site "Pechino CINA"]
[Date "2008.06.07"]
[Round "10"]
[White "Gu Xiaobing"]
[Black "Wang Yu A"]
[Result "0-1"]
[WhiteElo "2225"]
[BlackElo "2387"]
[PlyCount "70"]
[EventDate "2008.05.29"]
[Source "www.chesslib.no"]
[SourceDate "2004.05.04"]

1. e4 e5 2. Nc3 Nf6 3. Bc4 Nxe4 4. Qh5 Nd6 5. Bb3 Be7 6. Nf3 Nc6 7. Nxe5 g6 8. Qe2 Nd4 9. Qg4 Nxb3 10. axb3 Nf5 11. Qf4 O-O 12. d4 c5 13. dxc5 d6 14. Nf3 dxc5 15. O-O Bd6 16. Qd2 Nd4 17. Nxd4 cxd4 18. Ne2 Bc5 19. b4 Bb6 20. Ng3 Re8 21. Qh6 Re6 22. Bd2 Bd7 23. Rfe1 Qf8 24. Qf4 Rae8 25. h4 Bc6 26. h5 Rxe1+ 27. Rxe1 Rxe1+ 28. Bxe1 Qd8 29. Ne4 f5 30. hxg6 Bxe4 31. Qh6 Qe7 32. Bd2 Qg7 33. gxh7+ Kh8 34. Qh3 Qg4 35. c4 Qd1+ 0-1

[Event "CZE-chT2a 0001"]
[Site "?"]
[Date "2000.??.??"]
[Round "4"]
[White "Kulhanek Tomas"]
[Black "Kozak Milos"]
[Result "1/2-1/2"]
[WhiteElo "2350"]
[BlackElo "2245"]
[PlyCount "121"]
[EventDate "2000.??.??"]
[Source "www.chesslib.no"]
[SourceDate "2004.05.04"]

1. e4 e5 2. Nc3 Nf6 3. Bc4 Nxe4 4. Qh5 Nd6 5. Bb3 Be7 6. Nf3 Nc6 7. Nxe5 g6 8. Nxc6 dxc6 9. Qf3 O-O 10. d3 Nf5 11. Ne2 Nh4 12. Qg3 Nf5 13. Qf4 Bd6 14. Qg5 Qxg5 15. Bxg5 Re8 16. Kd2 a5 17. a4 h6 18. Be3 Nxe3 19. fxe3 Be6 20. Bxe6 Rxe6 21. e4 Rd8 22. Raf1 Be5 23. Rf3 Rf6 24. Rhf1 Rxf3 25. gxf3 Bxh2 26. f4 g5 27. Rh1 Bxf4+ 28. Nxf4 gxf4 29. Rxh6 Rd6 30. Rh5 b6 31. Rf5 f6 32. Rxf4 c5 33. Kc3 Kg7 34. b3 Rd4 35. Rf5 Rd6 36. Kc4 c6 37. c3 Kg6 38. d4 cxd4 39. cxd4 Kg7 40. e5 fxe5 41. dxe5 Rd1 42. Rf6 Rc1+ 43. Kd4 b5 44. Ke4 Rc3 45. Kf5 Rxb3 46. Rxc6 bxa4 47. Ra6 Rb5 48. Ra7+ Kh6 49. Rc7 a3 50. Rc3 a2 51. Ra3 Rb2 52. Kf6 Rf2+ 53. Ke7 Rb2 54. e6 Kg6 55. Rxa5 Kg7 56. Ra3 Kg6 57. Kd7 Kf6 58. Rf3+ Kg6 59. Rf1 Rd2+ 60. Ke8 Rb2 61. Ra1 1/2-1/2

[Event "Polanica Zdroj Open"]
[Site "Polanica Zdroj POL"]
[Date "1995.??.??"]
[Round "6"]
[White "Cherevatenko, Roman"]
[Black "Ciruk, Jerzy"]
[Result "1/2-1/2"]
[WhiteElo "2365"]
[BlackElo "2230"]
[PlyCount "134"]
[EventDate "1995.08.??"]
[Source "www.chesslib.no"]
[SourceDate "2004.05.04"]

1. e4 e5 2. Nc3 Nf6 3. Bc4 Nxe4 4. Qh5 Nd6 5. Bb3 Be7 6. Nf3 Nc6 7. Nxe5 O-O 8. O-O Nd4 9. Re1 Nxb3 10. axb3 g6 11. Qf3 Bf6 12. Nd5 Bg7 13. Ng4 Nf5 14. d3 h5 15. Nge3 Nd4 16. Qd1 c6 17. c3 Ne6 18. Nb4 d5 19. d4 Nf4 20. Qf3 Qf6 21. Ng4 Nh3+ 22. Qxh3 Bxg4 23. Qg3 Rfe8 24. Bf4 Qd8 25. Nc2 Qd7 26. Ne3 a6 27. f3 Bf5 28. Kf2 Kh7 29. h4 f6 30. Qh2 Bf8 31. b4 Rad8 32. Rg1 Qf7 33. Nxf5 gxf5 34. Rge1 Rd7 35. Qh3 Kg6 36. g4 fxg4 37. fxg4 hxg4 38. Qxg4+ Kh7 39. Rxe8 Qxe8 40. Qf5+ Kh8 41. Re1 Qf7 42. Rg1 Re7 43. Rg6 Qe6 44. Qxf6+ Qxf6 45. Rxf6 Bg7 46. Rf5 Kh7 47. h5 Bh6 48. Kf3 Re1 49. Rf6 Rf1+ 50. Kg4 Bxf4 51. Rxf4 Rg1+ 52. Kh4 Rh1+ 53. Kg3 Rg1+ 54. Kf3 Kh6 55. Rg4 Rf1+ 56. Ke2 Rb1 57. Rg6+ Kxh5 58. Rg7 Rxb2+ 59. Kd3 a5 60. bxa5 Rb5 61. Rc7 Rxa5 62. Rxb7 Kg5 63. Rb6 c5 64. dxc5 Rxc5 65. Re6 Kf5 66. Re8 Kf6 67. Re3 Rc4 1/2-1/2

[Event "CZE-chT 9798"]
[Site "CZE"]
[Date "1998.03.07"]
[Round "8"]
[White "Kalivoda, Jaroslav"]
[Black "Zvara, Petr"]
[Result "1-0"]
[WhiteElo "2210"]
[BlackElo "2365"]
[PlyCount "77"]
[EventDate "1997.??.??"]
[Source "www.chesslib.no"]
[SourceDate "2004.05.04"]

1. e4 e5 2. Nc3 Nf6 3. Bc4 Nxe4 4. Qh5 Nd6 5. Bb3 Be7 6. Nf3 Nc6 7. Nxe5 Nxe5 8. Qxe5 O-O 9. Nd5 Re8 10. O-O Bf8 11. Qf4 Re6 12. d3 Ne8 13. Nc3 Rf6 14. Qh4 c6 15. Ne4 d5 16. Nxf6+ Nxf6 17. Re1 Be7 18. Bf4 Be6 19. Qg3 Nh5 20. Qf3 Nxf4 21. Qxf4 Bd6 22. Qf3 Qg5 23. c3 h5 24. Bd1 g6 25. g3 h4 26. Qe3 Qf6 27. Qh6 h3 28. Be2 Bf8 29. Qe3 Kh7 30. Qf3 Qg5 31. d4 Bh6 32. Bd3 Rf8 33. Qe2 Bg4 34. f3 Be6 35. f4 Qf6 36. Qe5 Kg7 37. Kf2 g5 38. f5 Bd7 39. g4 1-0

[Event "Bodensee-Cup"]
[Site "Germany"]
[Date "1996.??.??"]
[Round "2"]
[White "Menacher, Manfred"]
[Black "Giertz, Niklaus"]
[Result "1/2-1/2"]
[WhiteElo "2245"]
[BlackElo "2320"]
[PlyCount "74"]
[EventDate "1996.??.??"]
[Source "ChessBase"]

1. e4 e5 2. Nc3 Nf6 3. Bc4 Nxe4 4. Qh5 Nd6 5. Bb3 Be7 6. Nf3 Nc6 7. Nxe5 g6 8. Nxc6 dxc6 9. Qf3 O-O 10. d3 Nf5 11. Ne2 Nh4 12. Qg3 Bd6 13. Bf4 Re8 14. Bxd6 cxd6 15. Kd2 Nf5 16. Qf4 d5 17. Rae1 Qd6 18. Qxd6 Nxd6 19. c3 Kg7 20. Ng3 Be6 21. Ne2 f6 22. Nf4 Bf7 23. g3 g5 24. Ng2 d4 25. Bxf7 dxc3+ 26. bxc3 Kxf7 27. f4 Rxe1 28. Rxe1 Re8 29. Rf1 g4 30. Ne3 h5 31. h3 f5 32. Rh1 Kg6 33. Ng2 Re7 34. Nh4+ Kf6 35. Ng2 Rg7 36. Ne3 Kg6 37. Ng2 Kf6 1/2-1/2

[Event "Corr"]
[Site "?"]
[Date "2002.06.15"]
[Round "?"]
[White "Brobakken Geir (NOR)"]
[Black "Kurylo Dr.Risard (LTU)"]
[Result "0-1"]
[WhiteElo "2124"]
[BlackElo "2423"]
[PlyCount "130"]
[EventDate "2002.??.??"]
[Source "www.chesslib.no"]
[SourceDate "2004.05.04"]

1. e4 e5 2. Nc3 Nf6 3. Bc4 Nxe4 4. Qh5 Nd6 5. Bb3 Be7 6. Nf3 Nc6 7. Nxe5 g6 8. Nxc6 dxc6 9. Qf3 O-O 10. O-O Nf5 11. d3 Nd4 12. Qf4 Bd6 13. Qh6 Nf5 14. Qg5 Be7 15. Qf4 Bd6 16. Qg5 Be7 17. Qf4 a5 18. Re1 b5 19. a4 b4 20. Ne4 Nd4 21. Be3 Nxb3 22. cxb3 f5 23. Ng5 Bxg5 24. Qxg5 Be6 25. Qg3 Qxd3 26. Rad1 f4 27. Rxd3 fxg3 28. hxg3 Bd5 29. Bf4 Rf7 30. Bh6 Rd7 31. f3 Rad8 32. Rde3 Bf7 33. Bg5 Ra8 34. g4 c5 35. Kf2 Rd2+ 36. R1e2 Rxe2+ 37. Kxe2 Ra6 38. Kd2 h5 39. gxh5 gxh5 40. Bf4 Rc6 41. g3 Kg7 42. Kc2 Kf6 43. Re5 c4 44. Rxa5 cxb3+ 45. Kd3 Rc3+ 46. Kd4 Rc4+ 47. Kd3 c5 48. Rb5 h4 49. Rb6+ Kf5 50. Rb7 Be6 51. Rb8 Kf6 52. a5 Rc2 53. a6 Rxb2 54. a7 Ra2 55. Ke4 Rxa7 56. Be5+ Kf7 57. gxh4 Ra2 58. Rb7+ Ke8 59. h5 Re2+ 60. Kf4 Bd5 61. Rg7 b2 62. Bxb2 Rxb2 63. Rg5 Bf7 64. Rxc5 Rh2 65. Rb5 b3 0-1

[Event "HUN-chT2"]
[Site "HUN"]
[Date "1993.??.??"]
[Round "?"]
[White "Morvay, Miklos"]
[Black "Pacsay, Laszlo"]
[Result "1/2-1/2"]
[WhiteElo "2260"]
[BlackElo "2280"]
[PlyCount "27"]
[EventDate "1993.??.??"]
[Source "www.chesslib.no"]
[SourceDate "2004.05.04"]

1. e4 e5 2. Nc3 Nf6 3. Bc4 Nxe4 4. Qh5 Nd6 5. Bb3 Be7 6. Nf3 Nc6 7. Nxe5 O-O 8. Nd5 Nd4 9. O-O Nxb3 10. axb3 Ne8 11. Re1 Nf6 12. Nxf6+ Bxf6 13. Ng4 d6 14. Nxf6+ 1/2-1/2

[Event "ch corr"]
[Site "Denmark ch corr"]
[Date "1979.??.??"]
[Round "?"]
[White "Nielsen, Julius"]
[Black "Johansen, Flemming"]
[Result "1/2-1/2"]
[WhiteElo "2455"]
[BlackElo "2080"]
[PlyCount "76"]
[EventDate "1979.??.??"]
[Source "www.chesslib.no"]
[SourceDate "2004.05.04"]

1. e4 e5 2. Nc3 Nf6 3. Bc4 Nxe4 4. Qh5 Nd6 5. Bb3 Be7 6. Nf3 Nc6 7. Nxe5 O-O 8. O-O Nxe5 9. Qxe5 Bf6 10. Qh5 c6 11. d3 g6 12. Qf3 Kg7 13. Ne4 Nxe4 14. dxe4 a5 15. c3 a4 16. Bc2 Re8 17. Rd1 Be5 18. Rb1 Qc7 19. h3 b6 20. Be3 c5 21. Qe2 a3 22. Qd2 Qc6 23. f4 Bb8 24. b4 Bb7 25. e5 d6 26. b5 Qc8 27. exd6 Bxd6 28. Qxd6 Rxe3 29. Re1 Rg3 30. Be4 Bxe4 31. Qe5+ Kg8 32. Qxe4 Rxc3 33. Rbd1 Rb8 34. Rd5 Qe6 35. Re5 Qc4 36. Re8+ Rxe8 37. Qxe8+ Kg7 38. Qe5+ Kg8 1/2-1/2